[Event "ProMoPro Open"]
[Site "Praha"]
[Date "2002.09.07"]
[Round "1.16"]
[White "Trnka, Jaroslav"]
[Black "Cvicela, Anton"]
[Result "1/2-1/2"]
[WhiteElo "2140"]
[BlackElo "1784"]
[PlyCount "28"]
[EventDate "2002.09.07"]

1. d4 d5 2. c4 c6 3. Nf3 Nf6 4. e3 e6 5. Nc3 Nbd7 6. Bd3 dxc4 7. Bxc4 b5 8. Bd3
b4 9. Ne2 c5 10. Qa4 Bb7 11. Bd2 a5 12. Rc1 Rc8 13. dxc5 Bxc5 14. Ng3 14... O-O
{remis} 1/2-1/2

[Event "ProMoPro Open"]
[Site "Praha"]
[Date "2002.09.07"]
[Round "1.1"]
[White "Hausner, Ivan"]
[Black "Kaiser, Rudolf"]
[Result "1-0"]
[WhiteElo "2412"]
[BlackElo "2054"]
[PlyCount "31"]
[EventDate "2002.09.07"]

1. e4 e5 2. Bc4 Nf6 3. d4 exd4 4. Nf3 Bb4+ 5. c3 dxc3 6. O-O O-O 7. e5 cxb2 8.
Bxb2 Ne8 9. Nc3 d6 10. Ne4 Nc6 11. Nfg5 Bf5 12. e6 fxe6 13. Bxe6+ Kh8 14. Bxf5
Rxf5 15. Qh5 h6 16. Qxh6+ {cerny vzdal} 1-0

[Event "ProMoPro Open"]
[Site "Praha"]
[Date "2002.09.07"]
[Round "1.13"]
[White "Londyn, Radek"]
[Black "Bilek , Bernhard"]
[Result "1-0"]
[WhiteElo "2176"]
[BlackElo "1829"]
[PlyCount "35"]
[EventDate "2002.09.07"]

1. e4 g6 2. d4 c5 3. d5 d6 4. Nc3 Bg7 5. Bf4 Qa5 6. Qd2 a6 7. Nf3 Nd7 8. Be2 b5
9. O-O Ngf6 10. e5 Nxe5 11. Nxe5 dxe5 12. Bxe5 O-O 13. d6 Ne4 14. Qd5 Nxc3 15.
Bxc3 Bxc3 16. dxe7 Re8 17. Qxa8 Bd7 18. Qb7 {cerny vzdal} 1-0

[Event "ProMoPro Open"]
[Site "?"]
[Date "2002.09.07"]
[Round "1.19"]
[White "Borik, Juraj"]
[Black "Havlak, Lubomir"]
[Result "1-0"]
[WhiteElo "2124"]
[BlackElo "1726"]
[PlyCount "44"]
[EventDate "2002.??.??"]

1. e4 e5 2. Nf3 Nf6 3. Nc3 Nc6 4. Bc4 Nxe4 5. Nxe4 d5 6. Bd3 dxe4 7. Bxe4 Ne7
8. c3 f5 9. Bc2 e4 10. Nd4 Bd7 11. d3 c5 12. Nb3 exd3 13. Qxd3 Qc7 14. Qc4 Qe5+
15. Be3 b6 16. O-O-O Be6 17. Qb5+ Kf7 18. Rhe1 Qxh2 19. g3 Nd5 20. Rxd5 Bxd5
21. Qd7+ 21... Kf6 { } 22. Bd4+ 22... Kg5 {cerny vzdal} 1-0

[Event "ProMoPro Open"]
[Site "?"]
[Date "2002.09.07"]
[Round "1.10"]
[White "Novak, Jindrich"]
[Black "Klicnar, Martin"]
[Result "0-1"]
[WhiteElo "1920"]
[BlackElo "2225"]
[PlyCount "58"]
[EventDate "2002.??.??"]

1. Nf3 Nf6 2. c4 g6 3. g3 Bg7 4. Bg2 O-O 5. O-O d6 6. Nc3 Nc6 7. d3 e5 8. Bg5
h6 9. Bd2 Be6 10. e4 Nd7 11. Nd5 Kh7 12. b4 f5 13. b5 fxe4 14. dxe4 Nd4 15. Be3
c6 16. bxc6 bxc6 17. Bxd4 exd4 18. Nf4 Bxc4 19. Nxd4 Rxf4 20. gxf4 Bxf1 21.
Kxf1 Qf6 22. e5 Qxf4 23. Nxc6 Rf8 24. Qc2 Nxe5 25. Nxe5 Bxe5 26. Rb1 Bd4 27.
Rb7+ Kh8 28. Be4 Qxh2 29. f3 29... Rxf3+ {bily vzdal} 0-1

[Event "ProMoPro Open"]
[Site "Praha"]
[Date "2002.09.07"]
[Round "1.12"]
[White "Umanec, Filip"]
[Black "Masek, Miroslav"]
[Result "0-1"]
[WhiteElo "1855"]
[BlackElo "2204"]
[PlyCount "70"]
[EventDate "2002.09.07"]

1. e4 e6 2. d4 d5 3. e5 c5 4. c3 Qb6 5. Nf3 Bd7 6. Bd3 Bb5 7. O-O Bxd3 8. Qxd3
Qa6 9. Qc2 Nd7 10. Be3 Rc8 11. Nbd2 cxd4 12. Bxd4 Ne7 13. Nb3 Nc6 14. Rfe1 Be7
15. Re3 b6 16. h4 Nc5 17. Nbd2 Nxd4 18. Nxd4 Bxh4 19. Rh3 Be7 20. Rxh7 Rxh7 21.
Qxh7 Qd3 22. Qxd3 Nxd3 23. Rb1 Nxe5 24. f4 Nc6 25. N2f3 Nxd4 26. Nxd4 Bc5 27.
Rd1 Ke7 28. Kf1 Bxd4 29. Rxd4 Kf6 30. Kf2 g5 31. g3 gxf4 32. gxf4 Kf5 33. Ra4
a5 34. Kf3 f6 35. Rd4 35... Rc4 {bily vzdal} 0-1

[Event "ProMoPro Open"]
[Site "Praha"]
[Date "2002.09.07"]
[Round "1.18"]
[White "Vasek, Daniel"]
[Black "Chalupa, Ivan"]
[Result "1-0"]
[WhiteElo "1762"]
[BlackElo "2128"]
[PlyCount "43"]
[EventDate "2002.09.07"]

1. e4 e5 2. Nf3 Nc6 3. d4 exd4 4. Nxd4 Bc5 5. Be3 Qf6 6. c3 Nge7 7. Bc4 Qg6 8.
O-O Ne5 9. Be2 Qxe4 10. Nd2 Qg6 11. Bh5 Qf6 12. Ne4 Qb6 13. b4 Bxd4 14. Bxd4
Qe6 15. f4 N5g6 16. Ng5 Qd5 17. Bxg7 Qxd1 18. Raxd1 Rg8 19. Bf6 h6 20. Nh7 Nf8
21. Rde1 Nxh7 22. Rxe7+ {cerny vzdal} 1-0

[Event "ProMoPro Open"]
[Site "?"]
[Date "2002.09.07"]
[Round "1.17"]
[White "Kucera, Tomas"]
[Black "Klimes, Petr"]
[Result "1-0"]
[WhiteElo "2133"]
[BlackElo "1767"]
[PlyCount "45"]
[EventDate "2002.??.??"]

1. e4 e5 2. Nf3 Nc6 3. d4 exd4 4. c3 d3 5. Bxd3 Bc5 6. O-O Nge7 7. h3 d6 8. Bg5
Be6 9. Kh1 Qd7 10. Nbd2 O-O 11. Qe2 Rae8 12. Bf4 Ng6 13. Bg3 f5 14. Ng5 14...
Bd5 { } 15. Qh5 Rf6 16. Qxh7+ Kf8 17. exd5 Nce5 18. Bxe5 dxe5 19. Qh5 Ke7 20.
b4 Rh8 21. Qe2 Bd6 22. Ne6 Rxe6 23. Bxf5 {cerny vzdal} 1-0

[Event "ProMoPro Open"]
[Site "?"]
[Date "2002.09.07"]
[Round "1.21"]
[White "Novak, Vaclav"]
[Black "Cebis, Petr"]
[Result "1-0"]
[WhiteElo "2111"]
[BlackElo "1692"]
[PlyCount "59"]
[EventDate "2002.??.??"]

1. e4 e6 2. d4 d5 3. exd5 exd5 4. Bd3 Nf6 5. Bf4 Bd6 6. Bg3 O-O 7. Ne2 Bxg3 8.
hxg3 Re8 9. Nbc3 Nc6 10. a3 Bg4 11. f3 Bh5 12. Qd2 Bg6 13. O-O-O Ne7 14. g4 c6
15. g5 Nd7 16. g4 b5 17. f4 Bxd3 18. Qxd3 Nf8 19. Rh3 Qd6 20. Rdh1 Neg6 21. Qf3
b4 22. axb4 Qxb4 23. f5 Ne7 24. f6 Neg6 25. fxg7 Kxg7 26. Ng3 Kg8 27. Nf5 Re6
28. Nh6+ Kh8 29. Qxf7 Qxd4 30. Qg8# {mat} 1-0

[Event "ProMoPro Open"]
[Site "Praha"]
[Date "2002.09.07"]
[Round "1.22"]
[White "Voglova, Eva"]
[Black "Hackel, Ludek"]
[Result "1/2-1/2"]
[WhiteElo "169"]
[BlackElo "2105"]
[PlyCount "58"]
[EventDate "2002.09.07"]

1. d4 Nf6 2. c4 g6 3. Nc3 Bg7 4. e4 d6 5. Nf3 O-O 6. Be2 e5 7. d5 Na6 8. O-O
Nc5 9. Qc2 a5 10. Bd2 h6 11. b3 Nh5 12. Ne1 Nf4 13. f3 f5 14. Nd3 Qg5 15. Rf2
Nh3+ 16. Kf1 f4 17. gxh3 Bxh3+ 18. Ke1 Qg1+ 19. Bf1 Bf6 20. Ke2 Nxd3 21. Qxd3
Bh4 22. Be1 Bxf2 23. Bxh3 Bxe1 24. Be6+ Kg7 25. Rxe1 Qxh2+ 26. Kd1 h5 27. Re2
Qg1+ 28. Re1 Qh2 29. Re2 29... Qg1+ {remis} 1/2-1/2

[Event "ProMoPro Open"]
[Site "Praha"]
[Date "2002.09.07"]
[Round "1.2"]
[White "Podbrdsky, Pavel"]
[Black "Pribyl, Josef"]
[Result "0-1"]
[WhiteElo "2105"]
[BlackElo "2409"]
[PlyCount "60"]
[EventDate "2002.09.07"]

1. Nf3 d6 2. d4 Bg4 3. e4 Nf6 4. Nc3 e6 5. Be2 Be7 6. Be3 c6 7. Qd2 d5 8. e5
Nfd7 9. Ng5 Bxe2 10. Nxe2 c5 11. c3 Nc6 12. O-O O-O 13. f4 cxd4 14. cxd4 h6 15.
Nh3 Qa5 16. f5 Qxd2 17. Bxd2 exf5 18. Rxf5 Rac8 19. Raf1 Nb6 20. b3 Nd8 21. Ba5
Rc2 22. Bxb6 Rxe2 23. Nf4 Rxa2 24. Nxd5 Nc6 25. Bc7 Ba3 26. b4 Nxd4 27. Bd6
Nxf5 28. Rxf5 Re8 29. Ne7+ Rxe7 30. Bxe7 30... Rb2 {bily vzdal} 0-1

[Event "ProMoPro Open"]
[Site "Praha"]
[Date "2002.09.07"]
[Round "1.6"]
[White "Janocko , Petr"]
[Black "Stross, Frantisek"]
[Result "0-1"]
[WhiteElo "1987"]
[BlackElo "2266"]
[PlyCount "66"]
[EventDate "2002.09.07"]

1. d4 d5 2. Nf3 Nf6 3. c4 c6 4. cxd5 cxd5 5. Nc3 Nc6 6. Bg5 Ne4 7. Bd2 g6 8. e3
Bg7 9. Bd3 Bf5 10. Be2 O-O 11. Qb3 e5 12. Nxe4 dxe4 13. Nxe5 Nxe5 14. dxe5 Bxe5
15. Bb4 Re8 16. Bb5 Re6 17. Rd1 Qg5 18. g3 Bg4 19. Rd5 Bf3 20. h4 Qf6 21. O-O
g5 22. Bd7 gxh4 23. Bxe6 Qxe6 24. Rxe5 Qxe5 25. Qc3 Qe6 26. Qc5 h6 27. Kh2
hxg3+ 28. fxg3 Rc8 29. Qd4 Rc2+ 30. Bd2 Qg4 31. Qd8+ Kh7 32. Qd5 Qh5+ 33. Qxh5
33... Rxd2+ {bily vzdal} 0-1

[Event "ProMoPro Open"]
[Site "Praha"]
[Date "2002.09.07"]
[Round "1.8"]
[White "Nepustil, Frantisek"]
[Black "Taborsky, Rostislav"]
[Result "0-1"]
[WhiteElo "1957"]
[BlackElo "2236"]
[PlyCount "58"]
[EventDate "2002.09.07"]

1. d4 e6 2. e4 d5 3. e5 c5 4. Nc3 Nc6 5. Nf3 Bd7 6. dxc5 Bxc5 7. Bd3 f6 8. Bf4
fxe5 9. Nxe5 Nf6 10. O-O O-O 11. Nxc6 Bxc6 12. Be5 Qb6 13. Qe2 Rae8 14. Kh1 a6
15. Rad1 Re7 16. a3 Qd8 17. b4 Ba7 18. a4 Be8 19. f4 Bh5 20. Bxf6 Bxe2 21. Bxe7
Qxe7 22. Nxe2 Qxb4 23. Rb1 Qc5 24. Rxb7 e5 25. f5 Rf6 26. Ng3 e4 27. Nh5 Rxf5
28. Rxg7+ Kh8 29. Rxa7 29... Rxf1+ {bily vzdal} 0-1

[Event "ProMoPro Open"]
[Site "Praha"]
[Date "2002.09.07"]
[Round "1.25"]
[White "Simecek, Bohumil"]
[Black "Mikyska, Lubos"]
[Result "1-0"]
[WhiteElo "2082"]
[BlackElo "1564"]
[PlyCount "53"]
[EventDate "2002.09.07"]

1. d4 d5 2. Nf3 Nf6 3. c4 c6 4. Nc3 e6 5. cxd5 Nxd5 6. e4 Nf6 7. Bd3 Be7 8. Bg5
O-O 9. O-O Re8 10. Qc2 h6 11. Bh4 b6 12. Rfd1 Bb7 13. Rac1 Nbd7 14. a3 Rc8 15.
e5 Nd5 16. Bxe7 Nxe7 17. Ne4 Rb8 18. Nd6 Rf8 19. Bc4 Ba8 20. Nd2 Nc8 21. N2e4
Nxd6 22. Nxd6 Qg5 23. Qd2 Qe7 24. f4 Rfd8 25. Rc3 Nf8 26. Rg3 Ng6 27. f5 {
cerny vzdal} 1-0

[Event "ProMoPro Open"]
[Site "Praha"]
[Date "2002.09.07"]
[Round "1.20"]
[White "Tolar, Vladislav"]
[Black "Vedral, Vedral"]
[Result "0-1"]
[WhiteElo "1694"]
[BlackElo "2122"]
[PlyCount "112"]
[EventDate "2002.09.07"]

1. d4 d5 2. c4 e6 3. Nc3 c6 4. Nf3 Nf6 5. e3 Nbd7 6. Bd3 dxc4 7. Bxc4 b5 8. Bd3
a6 9. O-O c5 10. Ne4 Bb7 11. Nxf6+ Nxf6 12. dxc5 Bxc5 13. Be2 Qb6 14. Bd2 Ne4
15. b4 Be7 16. Rc1 O-O 17. Qb3 Nxd2 18. Nxd2 Qd6 19. Bf3 Bxf3 20. Nxf3 Qxb4 21.
Qxb4 Bxb4 22. Rc6 Rfd8 23. g3 Ba3 24. Re1 Rdc8 25. Rxc8+ Rxc8 26. Re2 Kf8 27.
e4 Ke7 28. e5 Rc4 29. Ne1 a5 30. f4 a4 31. Kf1 Rc1 32. Kg2 b4 33. Nc2 Rb1 34.
Nxa3 bxa3 35. Kf3 Rb2 36. Ke3 Kd7 37. Kd3 Kc6 38. Rc2+ Kd5 39. Kc3 Rxc2+ 40.
Kxc2 Kd4 41. Kd2 g5 42. fxg5 Kxe5 43. Ke3 Kf5 44. h4 Kg4 45. Kf2 e5 46. Kg2 e4
47. Kf2 Kf5 48. Ke3 Ke5 49. g4 Kd5 50. h5 Ke5 51. h6 Kd5 52. Kd2 Kd4 53. Ke2 e3
54. Ke1 Kd3 55. Kd1 e2+ 56. Ke1 56... Ke3 {bily vzdal} 0-1

[Event "ProMoPro Open"]
[Site "Praha"]
[Date "2002.09.07"]
[Round "1.15"]
[White "Herskovic, Radek"]
[Black "Hybl , Vladislav"]
[Result "1/2-1/2"]
[WhiteElo "2147"]
[BlackElo "1813"]
[PlyCount "120"]
[EventDate "2002.09.07"]

1. e4 e6 2. d4 d5 3. Nc3 dxe4 4. Nxe4 Nd7 5. Nf3 Ngf6 6. Bg5 Be7 7. Bxf6 Bxf6
8. Bd3 O-O 9. O-O b6 10. Qe2 Bb7 11. Rfd1 a5 12. Nxf6+ Qxf6 13. Be4 Bxe4 14.
Qxe4 Qe7 15. Rd3 Nf6 16. Qe2 Nd5 17. g3 c5 18. c3 c4 19. Rd2 b5 20. Ne5 Rfc8
21. f4 Qc7 22. Re1 b4 23. Qf3 bxc3 24. bxc3 Ne7 25. Rf2 Nc6 26. Nxc6 Qxc6 27.
Qxc6 Rxc6 28. Rb2 f6 29. Rb7 Kf8 30. Kf2 h6 31. Reb1 e5 32. fxe5 fxe5 33. dxe5
Rc5 34. e6 Re5 35. Rf7+ Kg8 36. Rbb7 Rf8 37. Rxf8+ Kxf8 38. e7+ Ke8 39. Rc7 Rb5
40. a4 Rb2+ 41. Kg1 Ra2 42. Rxc4 Ra3 43. Kg2 Kxe7 44. Kf3 Kd6 45. h4 Kd5 46.
Rc7 Rxa4 47. Rxg7 Rc4 48. Rd7+ Kc5 49. Rh7 a4 50. Rxh6 Rxc3+ 51. Kg4 a3 52. Ra6
Kb5 53. Ra8 Rc4+ 54. Kg5 Ra4 55. Rb8+ Kc4 56. Rb1 a2 57. Ra1 Kb3 58. h5 Kb2 59.
Rxa2+ Rxa2 60. g4 60... Ra5+ {  remis} 1/2-1/2

[Event "ProMoPro Open"]
[Site "Praha"]
[Date "2002.09.07"]
[Round "1.9"]
[White "Matras, Ondrej"]
[Black "Kovar, Josef"]
[Result "1-0"]
[WhiteElo "2235"]
[BlackElo "1944"]
[PlyCount "67"]
[EventDate "2002.09.07"]

1. d4 Nf6 2. c4 g6 3. Nc3 Bg7 4. e4 d6 5. f3 O-O 6. Be3 e5 7. d5 a5 8. Qd2 Nbd7
9. O-O-O Nc5 10. Nge2 Ne8 11. g4 f5 12. gxf5 gxf5 13. Bg5 Bf6 14. Bh6 Rf7 15.
Ng3 Ng7 16. Bh3 fxe4 17. Bxc8 e3 18. Qxe3 Rxc8 19. Nce4 b6 20. Rhg1 Kh8 21. Kb1
Qe7 22. Rd2 Rg8 23. Rdg2 Rff8 24. Nxf6 Qxf6 25. Ne4 Nxe4 26. Bxg7+ Rxg7 27.
Rxg7 Qxf3 28. Qc1 Qd3+ 29. Ka1 a4 30. Qe1 Nc5 31. R7g3 Qxc4 32. Qd1 Qe4 33. Qh5
Qc4 34. Qxh7+ {cerny vzdal} 1-0

[Event "ProMoPro Open"]
[Site "Praha"]
[Date "2002.09.07"]
[Round "1.24"]
[White "Janota, Jiri"]
[Black "Urbanek, Stepan"]
[Result "0-1"]
[WhiteElo "1574"]
[BlackElo "2096"]
[PlyCount "106"]
[EventDate "2002.09.07"]

1. e4 e6 2. d4 d5 3. Nc3 Bb4 4. e5 c5 5. a3 Bxc3+ 6. bxc3 Ne7 7. Be2 O-O 8. Nf3
Nbc6 9. O-O c4 10. Bg5 Qe8 11. Rb1 b6 12. Qd2 Nf5 13. g4 Nfe7 14. Kh1 Ng6 15.
Nh4 f6 16. exf6 gxf6 17. Nxg6 Qxg6 18. Bh6 Re8 19. Bf3 Nd8 20. Rg1 Kf7 21. Rbe1
Nb7 22. g5 Rg8 23. gxf6 Qf5 24. Qf4 Nd6 25. Rg7+ Rxg7 26. fxg7 Qxf4 27. Bxf4
Nf5 28. Bh5+ Kxg7 29. Rg1+ Kf8 30. Bg5 Bd7 31. Bf6 Be8 32. Bg4 Bg6 33. h3 Kf7
34. Be5 Rg8 35. Kh2 Nh6 36. Bd1 Be4 37. Rxg8 Nxg8 38. Kg3 Ne7 39. f3 Bf5 40. h4
Kg6 41. f4 h5 42. Kf2 Bg4 43. Bxg4 hxg4 44. Kg3 Kh5 45. Bf6 Nf5+ 46. Kf2 Nxh4
47. a4 Nf5 48. Be5 Kh4 49. Bb8 a6 50. Bc7 Kh3 51. Kg1 g3 52. Bd8 g2 53. Bg5
53... Ng3 {bily vzdal} 0-1

[Event "ProMoPro Open"]
[Site "Praha"]
[Date "2002.09.07"]
[Round "1.14"]
[White "Kosar, Milan"]
[Black "Kubikova, Hana"]
[Result "0-1"]
[WhiteElo "1826"]
[BlackElo "2154"]
[PlyCount "110"]
[EventDate "2002.09.07"]

1. e4 c5 2. Nf3 Nf6 3. Nc3 Nc6 4. d4 d5 5. dxc5 d4 6. e5 dxc3 7. Qxd8+ Kxd8 8.
exf6 gxf6 9. bxc3 e5 10. Be3 Be6 11. Bb5 Kc7 12. O-O Rd8 13. Ba4 Be7 14. Bb3
Rhg8 15. Kh1 Na5 16. Bxe6 fxe6 17. Nd2 f5 18. f4 Bxc5 19. Bxc5 Rxd2 20. Rf2
Rgd8 21. fxe5 Rxf2 22. Bxf2 Nc6 23. Kg1 b6 24. Be3 Rd5 25. Rf1 Nxe5 26. Bf4 Kd7
27. Bxe5 Rxe5 28. Rf3 Re1+ 29. Kf2 Rc1 30. Rh3 Rxc2+ 31. Kf1 Rxa2 32. Rxh7+ Kd6
33. Rb7 Ke5 34. h4 Kf4 35. Rd7 e5 36. h5 Ra1+ 37. Kf2 Rh1 38. Rxa7 Rxh5 39. Ra6
Rh6 40. c4 Re6 41. Ra4 e4 42. Rb4 Rd6 43. Rb3 Rd2+ 44. Ke1 Rc2 45. Rxb6 Rxc4
46. Rh6 Rc1+ 47. Ke2 Rc2+ 48. Kf1 Ke3 49. Rh3+ Kd2 50. Rh7 Rc1+ 51. Kf2 e3+ 52.
Kf3 Rf1+ 53. Kg3 e2 54. Rd7+ Kc3 55. Rc7+ 55... Kd4 {bily vzdal} 0-1

[Event "ProMoPro Open"]
[Site "Praha"]
[Date "2002.09.07"]
[Round "1.11"]
[White "Pinc, Miroslav"]
[Black "Hoskovec, Josef"]
[Result "1/2-1/2"]
[WhiteElo "2221"]
[BlackElo "1865"]
[PlyCount "107"]
[EventDate "2002.09.07"]

1. d4 e6 2. Nf3 f5 3. h3 Nf6 4. g4 d5 5. Bf4 c5 6. e3 Nc6 7. Nc3 cxd4 8. Nxd4
Bd6 9. Bb5 Bxf4 10. Nxc6 bxc6 11. Bxc6+ Bd7 12. Bxd7+ Qxd7 13. exf4 d4 14. Ne2
Qb7 15. Rg1 fxg4 16. hxg4 Rd8 17. g5 Ne4 18. Ng3 Qb4+ 19. Kf1 Nxg3+ 20. Rxg3
Qb7 21. Qh5+ g6 22. Qh3 Rd6 23. Rb3 Qa6+ 24. Kg1 O-O 25. Re1 Qc6 26. Ra3 a6 27.
Rb3 Qd7 28. Qf3 Qf7 29. Re4 Rd5 30. Qg4 e5 31. Qg2 exf4 32. Re7 f3 33. Rxf7
fxg2 34. Re7 Rxg5 35. Rg3 Rxg3 36. fxg3 Rf1+ 37. Kxg2 Rc1 38. Re2 Ra1 39. Kf3
Rxa2 40. b3 Kf7 41. Ke4 d3 42. Kxd3 Ra5 43. Re4 Rg5 44. g4 h5 45. Rf4+ Ke6 46.
Re4+ Re5 47. gxh5 Rxe4 48. Kxe4 gxh5 49. b4 Kd6 50. c4 Kc6 51. Ke5 h4 52. Kf4
Kb6 53. Kg4 a5 54. bxa5+ {remis} 1/2-1/2

[Event "ProMoPro Open"]
[Site "Praha"]
[Date "2002.09.07"]
[Round "1.7"]
[White "Stehno , Pavel"]
[Black "Slovak, Pavel"]
[Result "1-0"]
[WhiteElo "2253"]
[BlackElo "1960"]
[PlyCount "93"]
[EventDate "2002.09.07"]

1. e4 c5 2. Nf3 d6 3. d4 cxd4 4. Nxd4 Nf6 5. Nc3 a6 6. Bc4 e6 7. Bb3 Be7 8. f4
Qc7 9. f5 e5 10. Nde2 Nbd7 11. Bg5 O-O 12. Ng3 h6 13. Bxf6 Nxf6 14. Nh5 b5 15.
Nd5 Qd8 16. O-O Bb7 17. Ndxf6+ Bxf6 18. Qg4 Kh7 19. Rad1 Qe7 20. Rd3 Rad8 21.
c3 d5 22. Nxf6+ gxf6 23. Rh3 Rg8 24. Qh4 Qf8 25. Qxf6 Qg7 26. Qxg7+ Rxg7 27.
Rd1 Rdg8 28. g3 dxe4 29. f6 Bc8 30. Rh4 Rg4 31. Rh5 R4g5 32. Bxf7 Rf8 33. Rxg5
hxg5 34. Bd5 Bf5 35. f7 Kg7 36. Kf2 Rd8 37. Ke3 Bg6 38. a3 Bxf7 39. Kxe4 Bg6+
40. Kxe5 Bf7 41. Bf3 Re8+ 42. Kf5 Re3 43. Bg4 Bg6+ 44. Kxg5 Re5+ 45. Kf4 Re4+
46. Kf3 Kh6 47. h3 {cerny vzdal} 1-0

[Event "ProMoPro Open"]
[Site "Praha"]
[Date "2002.09.07"]
[Round "1.23"]
[White "Koukolik, Alexandr"]
[Black "Kudrna, Jakub"]
[Result "1-0"]
[WhiteElo "2103"]
[BlackElo "1597"]
[PlyCount "117"]
[EventDate "2002.09.07"]

1. d4 d5 2. c4 dxc4 3. Nf3 Nf6 4. e3 e6 5. Bxc4 c5 6. O-O Nc6 7. Nc3 cxd4 8.
exd4 Be7 9. a3 Nd5 10. Qd3 O-O 11. Bxd5 exd5 12. Qb5 Bf6 13. Qxd5 Be6 14. Qxd8
Rfxd8 15. Bg5 Bxg5 16. Nxg5 Nxd4 17. Nxe6 Nxe6 18. Rfd1 Rxd1+ 19. Rxd1 Rd8 20.
Rxd8+ Nxd8 21. Kf1 Kf8 22. Ke2 Ke8 23. Ke3 Kd7 24. Ke4 Ke6 25. Nb5 a6 26. Nd4+
Kd7 27. Kd5 b6 28. Nf5 Ne6 29. g3 h5 30. h4 Nc7+ 31. Ke5 f6+ 32. Ke4 g6 33. Ne3
Kc6 34. f3 Kc5 35. g4 hxg4 36. fxg4 Kd6 37. Nc4+ Kc5 38. Ne3 Kd6 39. Nc4+ Kc5
40. Kd3 Nd5 41. Ne3 Nf4+ 42. Ke4 Ne6 43. h5 Ng5+ 44. Kd3 gxh5 45. gxh5 a5 46.
h6 b5 47. b3 Kd6 48. Kd4 Kc6 49. Nf5 Ne6+ 50. Ke3 Nf8 51. Nd4+ Kc5 52. Ne6+
Nxe6 53. h7 a4 54. b4+ Kc4 55. h8=Q Nd4 56. Qc8+ Kb3 57. Kxd4 Kxa3 58. Kc3 Ka2
59. Qe6+ {cerny vzdal} 1-0

[Event "ProMoPro Open"]
[Site "Praha"]
[Date "2002.09.07"]
[Round "1.5"]
[White "Kotek, Daniel"]
[Black "Serdamba, Cege"]
[Result "1-0"]
[WhiteElo "2270"]
[BlackElo "1989"]
[PlyCount "83"]
[EventDate "2002.09.07"]

1. e4 c5 2. Nf3 d6 3. d4 cxd4 4. Nxd4 Nf6 5. Nc3 g6 6. Be3 Bg7 7. f3 O-O 8. Qd2
Nc6 9. g4 Nxd4 10. Bxd4 Be6 11. h4 Qa5 12. h5 Rac8 13. a3 a6 14. h6 Bh8 15. g5
Nd7 16. Bxh8 Kxh8 17. f4 f6 18. Bh3 Bxh3 19. Rxh3 Qc5 20. O-O-O fxg5 21. Nd5
Nf6 22. Rc3 Qa5 23. b4 Qd8 24. Rxc8 Qxc8 25. fxg5 Nxd5 26. exd5 Qc4 27. Re1 Rf7
28. Re3 Qg4 29. Rc3 e5 30. dxe6 Qxe6 31. Qd4+ Kg8 32. Re3 Qd7 33. Rd3 Re7 34.
Qxd6 Qxd6 35. Rxd6 Kf7 36. Kd2 Rc7 37. Kd3 Ke7 38. Rd5 Ke6 39. c4 Rf7 40. a4
Rf5 41. Kd4 b6 42. Rxf5 {cerny vzdal} 1-0

[Event "ProMoPro Open"]
[Site "Praha"]
[Date "2002.09.07"]
[Round "1.3"]
[White "Cernousek, Lukas"]
[Black "Rous, Frantisek"]
[Result "0-1"]
[WhiteElo "2294"]
[BlackElo "2083"]
[PlyCount "88"]
[EventDate "2002.09.07"]

1. e4 e6 2. d4 d5 3. Nd2 Nf6 4. e5 Nfd7 5. Bd3 c5 6. c3 Nc6 7. Ngf3 Be7 8. O-O
b6 9. c4 O-O 10. Qe2 Ba6 11. b3 cxd4 12. Bb2 Nc5 13. Nxd4 Nxd4 14. Bxd4 Nxd3
15. Qxd3 dxc4 16. Nxc4 Qd5 17. Rfd1 Rfd8 18. Qe2 Qc6 19. Be3 Rac8 20. Rac1 Ba3
21. Rc2 Bb4 22. Bg5 Rxd1+ 23. Qxd1 Qd5 24. Qg4 Bxc4 25. Bf6 Bf8 26. bxc4 Qd3
27. Rc1 b5 28. c5 Rxc5 29. Rd1 Qc4 30. Rd4 Qc1+ 31. Rd1 Qc4 32. Qg5 Rd5 33. Rc1
Qd3 34. h4 h6 35. Qg4 Rd4 36. f4 Qe3+ 37. Kh2 Rxf4 38. Qd1 gxf6 39. g3 Rf2+ 40.
Kh3 Qf3 41. Qd4 Qg2+ 42. Kg4 f5+ 43. Kh5 Qf3+ 44. g4 44... Rg2 {bily vzdal} 0-1

[Event "ProMoPro Open"]
[Site "Praha"]
[Date "2002.09.08"]
[Round "2.9"]
[White "Klicnar, Martin"]
[Black "Simecek, Bohumil"]
[Result "1/2-1/2"]
[WhiteElo "2225"]
[BlackElo "2082"]
[PlyCount "38"]
[EventDate "2002.09.07"]

1. c4 Nf6 2. Nf3 g6 3. g3 Bg7 4. Bg2 O-O 5. O-O d6 6. d4 Nc6 7. Nc3 a6 8. d5
Na5 9. Nd2 c5 10. Rb1 Rb8 11. a3 Qc7 12. Qc2 b5 13. b3 e5 14. Bb2 bxc4 15. bxc4
Nh5 16. Ba1 Bd7 17. Rxb8 Rxb8 18. Rb1 f5 19. e3 19... e4 {remis} 1/2-1/2

[Event "ProMoPro Open"]
[Site "Praha"]
[Date "2002.09.08"]
[Round "2.15"]
[White "Hackel, Ludek"]
[Black "Trnka, Jaroslav"]
[Result "1-0"]
[WhiteElo "2105"]
[BlackElo "1784"]
[PlyCount "57"]
[EventDate "2002.09.07"]

1. d4 Nf6 2. c4 g6 3. Nc3 d5 4. cxd5 Nxd5 5. e4 Nxc3 6. bxc3 Bg7 7. Nf3 c5 8.
Rb1 O-O 9. Be2 Nc6 10. d5 Bxc3+ 11. Bd2 Bxd2+ 12. Qxd2 Nb8 13. h4 f6 14. h5 Qe8
15. hxg6 Qxg6 16. Kf1 b6 17. Rb3 Rf7 18. e5 Rg7 19. Nh4 Qe4 20. e6 Ba6 21. Bxa6
Nxa6 22. Re3 Qb1+ 23. Re1 Qb5+ 24. Kg1 Qe8 25. Nf5 Rg5 26. Nh6+ Kg7 27. Nf7 Rg6
28. Rh6 Rg4 29. Qd3 {cerny vzdal} 1-0

[Event "ProMoPro Open"]
[Site "Praha"]
[Date "2002.09.08"]
[Round "2.13"]
[White "Hoskovec, Josef"]
[Black "Herskovic, Radek"]
[Result "0-1"]
[WhiteElo "1865"]
[BlackElo "2150"]
[PlyCount "106"]
[EventDate "2002.09.07"]

1. e4 Nf6 2. e5 Nd5 3. c4 Nb6 4. d4 d6 5. exd6 cxd6 6. Nc3 g6 7. Be3 Bg7 8. Bd3
O-O 9. Nge2 Nc6 10. c5 dxc5 11. dxc5 Nd5 12. Be4 Nxe3 13. fxe3 Qa5 14. Bxc6
bxc6 15. Nd4 Qxc5 16. O-O Rb8 17. Na4 Qd6 18. Rc1 Bxd4 19. Qxd4 Qxd4 20. exd4
Rb4 21. b3 Rxd4 22. Rxc6 Bd7 23. Rc7 Bxa4 24. bxa4 Rxa4 25. Rf2 e5 26. Re7 e4
27. Re2 f5 28. Kf2 Rf7 29. Re8+ Kg7 30. Re6 Ra3 31. g3 Rb7 32. g4 fxg4 33.
R6xe4 h5 34. Re6 Kh6 35. R6e5 h4 36. R5e4 Rf3+ 37. Kg2 h3+ 38. Kg1 Rb1+ 39. Re1
Rxe1+ 40. Rxe1 Ra3 41. Re2 Kh5 42. Kf2 Kh4 43. Rc2 g3+ 44. hxg3+ Rxg3 45. Rc4+
Rg4 46. Rc7 Rg2+ 47. Kf3 Rxa2 48. Rc4+ Kh5 49. Rc5+ g5 50. Kg3 Ra3+ 51. Kh2 Kh4
52. Rc4+ g4 53. Rc7 53... g3+ {bily vzdal} 0-1

[Event "ProMoPro Open"]
[Site "Praha"]
[Date "2002.09.08"]
[Round "2.2"]
[White "Pribyl, Josef"]
[Black "Kucera, Tomas"]
[Result "1/2-1/2"]
[WhiteElo "2409"]
[BlackElo "2133"]
[PlyCount "62"]
[EventDate "2002.09.07"]

1. d4 Nf6 2. Nf3 g6 3. Nc3 d5 4. Bf4 Bg7 5. e3 Bg4 6. Be2 c6 7. h3 Bxf3 8. Bxf3
O-O 9. Qd2 Nbd7 10. O-O Re8 11. Rad1 e5 12. dxe5 Nxe5 13. Bxe5 Rxe5 14. e4 Qb6
15. exd5 cxd5 16. Nxd5 Qxb2 17. Qf4 Ne8 18. Qc4 Nd6 19. Qc7 Nf5 20. Rb1 Qxa2
21. Rxb7 Rf8 22. Rxa7 Qb2 23. Rb7 Qa3 24. c4 Nh4 25. Bd1 Rg5 26. Ne3 { } 26...
Be5 27. Qe7 Qxe3 28. fxe3 Rxg2+ 29. Kh1 Rh2+ 30. Kg1 Rg2+ 31. Kh1 31... Rh2+ {
remis} 1/2-1/2

[Event "ProMoPro Open"]
[Site "Praha"]
[Date "2002.09.08"]
[Round "2.7"]
[White "Taborsky, Rostislav"]
[Black "Koukolik, Alexander"]
[Result "1-0"]
[WhiteElo "2236"]
[BlackElo "2103"]
[PlyCount "41"]
[EventDate "2002.09.07"]

1. e4 d5 2. exd5 Qxd5 3. Nc3 Qa5 4. Rb1 c6 5. b4 Qc7 6. g3 Nf6 7. Bg2 e6 8.
Nge2 b6 9. d4 Bb7 10. Bf4 Bd6 11. O-O Bxf4 12. Nxf4 Nd5 13. Ncxd5 cxd5 14. Qg4
O-O 15. c4 Nd7 16. c5 a6 17. Rfc1 17... Bc6 { } 18. Nxe6 fxe6 19. Qxe6+ Kh8 20.
cxb6 Rf6 21. Qxf6 {cerny vzdal} 1-0

[Event "ProMoPro Open"]
[Site "Praha"]
[Date "2002.09.08"]
[Round "2.1"]
[White "Kubikova, Hana"]
[Black "Hausner, Ivan"]
[Result "1/2-1/2"]
[WhiteElo "2154"]
[BlackElo "2412"]
[PlyCount "56"]
[EventDate "2002.09.07"]

1. d4 Nf6 2. Nf3 c5 3. e3 b6 4. c4 g6 5. Nc3 Bg7 6. d5 d6 7. Be2 O-O 8. O-O e5
9. dxe6 fxe6 10. Qd3 a6 11. Rd1 Ne8 12. Rb1 Ra7 13. Ne4 Rd7 14. Neg5 Nc7 15. b4
Nc6 16. a3 Ne5 17. Qc2 Nxf3+ 18. Nxf3 Ne8 19. Bb2 Nf6 20. Ng5 Qe7 21. Bf3 Rdd8
22. Ne4 Nxe4 23. Bxe4 e5 24. Rd2 Bh6 25. Qd3 Be6 26. Bd5 Bg5 27. Bc3 Bxd5 28.
Qxd5+ 28... Qf7 {remis} 1/2-1/2